• 首页
  • 本馆介绍
  • 公告通知
  • 最新文献
  • 馆藏检索
  • 电子资源
  • 读者导购
  • 参考咨询
  • 我的图书馆
  • 登录
  • 详细信息显示
  • 放入我的书架
  • 预约/预借图书
  • 作者相关作品
  • 分类相关作品
  • 丛书相关作品
  • 出版社相关作品

书目信息

  • 表格格式
  • 工作单格式
  • 卡片格式
题名:
生物碱的生物学及其在植物中的代谢作用
    
 
作者: Waller , 诺瓦茨基 , Nowacki , 沃勒 著 ;朱太平 译
分册:  
出版信息: 北京   科学出版社  1984
页数: 278页
开本: 20cm
丛书名:
单 册:
中图分类: Q946.88
科图分类:
主题词: 生物碱-植物 , 植物-生物碱
电子资源:
ISBN:
000 01001nam0 2200301 45
001 0184006303
005 20061124104338.93
010    @dCNY1.70
091    @aCN@b13031.2632
100    @a19960215d1984 em y0chiy0121 ea
101 1  @achi@ceng
102    @aCN@b110000
105    @ay z 000yy
200 10 @a生物碱的生物学及其在植物中的代谢作用@Asheng wu jian de sheng wu xue ji qi zai zhi wu zhong de dai xie zuo yong@f(美)沃勒(G.R.Waller),(波)诺瓦茨基(E.K.Nowacki)著@g朱太平等译
210    @a北京@c科学出版社@d1984
215    @a278页@d20cm
300    @a书名原文:Alkaloid biology and metabolism in plants
510 1  @aAlkaloid biology and metabolism in plants@eng
606    @a生物碱-植物
606    @a植物-生物碱
690    @aQ946.88@v3
701 A1 @aWaller@bG.R.@4著
701  1 @a诺瓦茨基@Anuo wa ci ji@bE.K.@4著
701 A1 @aNowacki@bE.K.@4著
701  1 @a沃勒@Awo le@bG.R.@4著
702  0 @a朱太平@Azhu tai ping@4译
801  0 @aCN@bTSSF@c20061124
905    @a10447@dQ946.88@e7
    
    生物碱的生物学及其在植物中的代谢作用/(美)沃勒(G.R.Waller),(波)诺瓦茨基(E.K.Nowacki)著/朱太平等译.-北京:科学出版社,1984
    278页;20cm
    书名原文:Alkaloid biology and metabolism in plants
    
    ISBN :CNY1.70
    
●
相关链接 在E读中查询图书 在五车中查询图书 在当当中查询图书 在豆瓣中查询图书


正题名:生物碱的生物学及其在植物中的代谢作用     索取号:Q946.88/7         预约/预借

序号 登录号 条形码 馆藏地/架位号 状态 备注
1 0120253   000704839   第二样本阅览室/ [索取号:Q946.88/7] 在馆    
唐山师范学院图书馆 欢迎您!
大连网信软件有限公司© 版权所有